Habilitación de la instancia contencioso administrativa en el orden federal (Registro nro. 25266)

Detalles MARC
000 -LEADER
fixed length control field 00355 a2200109 4500
001 - CONTROL NUMBER
control field ART_26123
005 - DATE AND TIME OF LATEST TRANSACTION
control field 20260410161854.0
008 - FIXED-LENGTH DATA ELEMENTS--GENERAL INFORMATION
fixed length control field 260409a
100 1# - MAIN ENTRY--PERSONAL NAME
Personal name Monti, Laura
245 10 - TITLE STATEMENT
Title Habilitación de la instancia contencioso administrativa en el orden federal
773 0# - HOST ITEM ENTRY
Title Derecho público
Related parts - Año III, Nº 8 (ago. 2014)
Record control number REV10451

No hay ítems disponibles.